[Event "London Classic op 11th"]
[Site "London"]
[Date "2019.12.01"]
[Round "4"]
[White "McClement, Andrew"]
[Black "Penna, Tommaso"]
[Result "1-0"]
[WhiteElo "2226"]
[BlackElo "2007"]
[PlyCount "69"]
[EventDate "2019.11.29"]
[EventType "swiss"]
[EventRounds "9"]
[EventCountry "ENG"]
[SourceTitle "CBM 193 Extra"]
[Source "ChessBase"]
[SourceDate "2020.01.31"]
[SourceVersion "1"]
[SourceVersionDate "2020.01.31"]
[SourceQuality "1"]

1. Nf3 c5 2. e4 Nc6 3. d4 cxd4 4. Nxd4 Nf6 5. Nc3 d6 6. Be3 e5 7. Nb3 Be7 8. f3 0-0 9. Qd2 a5 10. Bb5 Na7 11. Bd3 Be6 12. 0-0-0 Qb8 13. Kb1 Nc6 14. a4 Nb4 15. g4 d5 16. g5 d4 17. gxf6 Bxf6 18. Rhg1 dxc3 19. Qxc3 Rc8 20. Qd2 b5 21. axb5 Nxd3 22. Qxd3 Bc4 23. Qd6 Rd8 24. Qxb8 Rdxb8 25. b6 Bd8 26. Rd6 a4 27. Nd2 Bb5 28. c4 Be7 29. Rd5 Bc6 30. Rxe5 Bf6 31. Rf5 Kf8 32. Ka2 Bd7 33. Rxf6 gxf6 34. Bc5+ Ke8 35. Rg8# 1-0

[Event "London Classic op 11th"]
[Site "London"]
[Date "2019.11.29"]
[Round "1"]
[White "Penna, Tommaso"]
[Black "Hebden, Mark"]
[Result "1/2-1/2"]
[WhiteElo "2007"]
[BlackElo "2436"]
[PlyCount "134"]
[EventDate "2019.11.29"]
[EventType "swiss"]
[EventRounds "9"]
[EventCountry "ENG"]
[SourceTitle "CBM 193 Extra"]
[Source "ChessBase"]
[SourceDate "2020.01.31"]
[SourceVersion "1"]
[SourceVersionDate "2020.01.31"]
[SourceQuality "1"]

1. e4 e5 2. Nf3 Nc6 3. Bb5 a6 4. Ba4 Nf6 5. 0-0 Be7 6. Re1 b5 7. Bb3 0-0 8. a4 Bb7 9. d3 d6 10. Nbd2 Qd7 11. Nf1 Rae8 12. axb5 axb5 13. c3 Bd8 14. Ng3 Nb8 15. Bg5 h6 16. Bxf6 Bxf6 17. d4 Qc8 18. Ra5 c6 19. Nf5 Rd8 20. d5 Qc7 21. Qa1 Qb6 22. Rd1 c5 23. Bc2 Na6 24. b3 Nc7 25. Bd3 Ra8 26. Rxa8 Rxa8 27. Qb2 Bc8 28. Ne3 Qa7 29. Rb1 g6 30. Nc2 Bd7 31. Ra1 Qb7 32. Ra3 Bd8 33. Ne3 Ne8 34. Qa1 Rxa3 35. Qxa3 Bb6 36. Be2 f5 37. Nd2 Nf6 38. Bf3 Kg7 39. Kf1 Qc7 40. c4 Ba5 41. Qb2 f4 42. Nd1 g5 43. Nc3 Bxc3 44. Qxc3 b4 45. Qa1 g4 46. Bd1 Be8 47. Qa6 Bg6 48. Bc2 h5 49. Ke1 h4 50. Bd3 Qe7 51. Kd1 Nh5 52. Ke1 g3 53. h3 gxf2+ 54. Kxf2 Ng3 55. Qc8 Bh5 56. Nf3 Qa7 57. Bb1 Bxf3 58. Kxf3 Qe7 59. Bd3 Nh5 60. Kf2 Nf6 61. Qf5 Qa7 62. Be2 Qa2 63. Qg5+ Kf7 64. Qf5 Qd2 65. Kf1 Qc1+ 66. Kf2 Qe3+ 67. Kf1 Qc1+ 1/2-1/2

[Event "BCF-chT4S 1819 (4NCL)"]
[Site "England"]
[Date "2019.05.05"]
[Round "10.205"]
[White "Carter, Rebecca"]
[Black "Penna, Tommaso"]
[Result "1-0"]
[WhiteElo "1610"]
[BlackElo "2012"]
[PlyCount "75"]
[EventDate "2018.11.17"]
[EventType "team-swiss"]
[EventRounds "11"]
[EventCountry "ENG"]
[SourceTitle "EXT 2021"]
[Source "ChessBase"]
[SourceDate "2020.10.23"]
[SourceVersion "1"]
[SourceVersionDate "2020.10.23"]
[SourceQuality "1"]
[WhiteTeam "Barnet Knights II"]
[BlackTeam "All Anands on Deck"]
[WhiteTeamCountry "ENG"]
[BlackTeamCountry "ENG"]

1. c4 e5 2. Nc3 Bb4 3. Nf3 Bxc3 4. bxc3 d6 5. g3 Nc6 6. Bg2 Nge7 7. 0-0 0-0 8. d4 f6 9. e4 b6 10. Be3 Ba6 11. Nd2 Na5 12. Re1 c5 13. Bf1 Rc8 14. Qa4 Qe8 15. Qxe8 Rfxe8 16. Rac1 Nec6 17. d5 Nd8 18. f4 exf4 19. gxf4 Rc7 20. Bf2 Nf7 21. Re3 Rce7 22. Rce1 g5 23. fxg5 fxg5 24. Bg3 h5 25. h3 Kg7 26. Bd3 Bc8 27. Kg2 h4 28. Bh2 g4 29. hxg4 Bxg4 30. Rg1 Kh6 31. Bf4+ Kh5 32. Be2 Bxe2 33. Rxe2 Ne5 34. Kh3 Nexc4 35. Reg2 Re5 36. Rg5+ Rxg5 37. Rxg5+ Kh6 38. Rg8+ 1-0

[Event "BCF-chT4S 1819 (4NCL)"]
[Site "England"]
[Date "2019.02.09"]
[Round "5.112"]
[White "Penna, Tommaso"]
[Black "Leadbetter, Scott"]
[Result "1-0"]
[WhiteElo "2012"]
[BlackElo "1757"]
[PlyCount "89"]
[EventDate "2018.11.17"]
[EventType "team-swiss"]
[EventRounds "11"]
[EventCountry "ENG"]
[SourceTitle "EXT 2021"]
[Source "ChessBase"]
[SourceDate "2020.10.23"]
[SourceVersion "1"]
[SourceVersionDate "2020.10.23"]
[SourceQuality "1"]
[WhiteTeam "All Anands on Deck"]
[BlackTeam "Crowthorne II"]
[WhiteTeamCountry "ENG"]
[BlackTeamCountry "ENG"]

1. e4 e6 2. d4 b6 3. Nf3 Bb7 4. Bd3 d6 5. 0-0 Nd7 6. a4 a6 7. a5 c5 8. axb6 Qxb6 9. Nbd2 cxd4 10. Nc4 Qc7 11. Nxd4 Nc5 12. Re1 g6 13. Bd2 Bg7 14. Ba5 Qe7 15. c3 Nh6 16. f3 0-0 17. Bf1 f5 18. exf5 Nxf5 19. Nxf5 Rxf5 20. Qxd6 Qg5 21. Qg3 Qf6 22. Bb6 Rg5 23. Qf2 Nd7 24. Be3 Rd5 25. Na5 Bc8 26. Bc4 Rf5 27. Bd4 Ne5 28. Nc6 Nxf3+ 29. gxf3 Rg5+ 30. Kh1 Qf4 31. Ne7+ Kh8 32. Nxc8 Bxd4 33. Qxd4+ Qxd4 34. cxd4 Rxc8 35. b3 Rf8 36. Re5 Rxe5 37. dxe5 Rxf3 38. Rxa6 h5 39. Rxe6 Kg7 40. Kg2 Rf5 41. Rxg6+ Kxg6 42. Bd3 Kg5 43. Bxf5 Kxf5 44. Kg3 Kxe5 45. Kh4 1-0

[Event "London Classic op 10th"]
[Site "London"]
[Date "2018.12.14"]
[Round "6"]
[White "Czopor, Maciej"]
[Black "Penna, Tommaso"]
[Result "1/2-1/2"]
[WhiteElo "2164"]
[BlackElo "1963"]
[PlyCount "95"]
[EventDate "2018.12.09"]
[EventType "swiss"]
[EventRounds "9"]
[EventCountry "ENG"]
[SourceTitle "CBM 187 Extra"]
[Source "ChessBase"]
[SourceDate "2018.11.04"]
[SourceVersion "1"]
[SourceVersionDate "2018.11.04"]
[SourceQuality "1"]

1. e4 e5 2. Nf3 Nc6 3. Bb5 a6 4. Ba4 Nf6 5. 0-0 Be7 6. Re1 b5 7. Bb3 d6 8. c3 0-0 9. h3 Bb7 10. d4 Re8 11. Nbd2 Bf8 12. a3 h6 13. d5 Nb8 14. Nh2 Nbd7 15. Ng4 c6 16. dxc6 Bxc6 17. Qf3 Qe7 18. Nf1 Nxg4 19. hxg4 Nc5 20. Ba2 Qb7 21. Ng3 Rad8 22. g5 hxg5 23. Bxg5 Rd7 24. Rad1 Ne6 25. Qg4 Nxg5 26. Qxg5 d5 27. Nh5 Re6 28. Rd3 Rg6 29. Qf5 Rdd6 30. exd5 Bxd5 31. Bxd5 Rxd5 32. Qe4 Rgd6 33. Nf6+ gxf6 34. Rg3+ Bg7 35. Qg4 Kf8 36. Qxg7+ Ke7 37. Rh3 Rd1 38. Rxd1 Rxd1+ 39. Kh2 Qe4 40. Qg3 Qe1 41. Qf3 e4 42. Qf4 Qg1+ 43. Kg3 Rd3+ 44. Kh4 Qxg2 45. Qc7+ Kf8 46. Qb8+ Ke7 47. Qc7+ Kf8 48. Qb8+ 1/2-1/2

[Event "London Classic op 10th"]
[Site "London"]
[Date "2018.12.12"]
[Round "4"]
[White "Marzano, Carlo"]
[Black "Penna, Tommaso"]
[Result "1/2-1/2"]
[WhiteElo "2222"]
[BlackElo "1963"]
[PlyCount "53"]
[EventDate "2018.12.09"]
[EventType "swiss"]
[EventRounds "9"]
[EventCountry "ENG"]
[SourceTitle "CBM 187 Extra"]
[Source "ChessBase"]
[SourceDate "2018.11.04"]
[SourceVersion "1"]
[SourceVersionDate "2018.11.04"]
[SourceQuality "1"]

1. d4 Nf6 2. c4 g6 3. Nc3 Bg7 4. e4 d6 5. Be2 0-0 6. Nf3 e5 7. d5 a5 8. Bg5 h6 9. Bh4 Na6 10. Nd2 Qe8 11. a3 Bd7 12. b3 Nh7 13. 0-0 f5 14. f3 f4 15. Rb1 g5 16. Bf2 h5 17. b4 axb4 18. axb4 b6 19. c5 bxc5 20. bxc5 Nxc5 21. Bxc5 dxc5 22. Bb5 g4 23. Nc4 Ng5 24. Bxd7 Qxd7 25. Rb7 Rab8 26. Qb3 Qc8 27. Rxb8 1/2-1/2

[Event "London Classic op 10th"]
[Site "London"]
[Date "2018.12.10"]
[Round "2"]
[White "Chilton, James I"]
[Black "Penna, Tommaso"]
[Result "0-1"]
[WhiteElo "1738"]
[BlackElo "1963"]
[PlyCount "170"]
[EventDate "2018.12.09"]
[EventType "swiss"]
[EventRounds "9"]
[EventCountry "ENG"]
[SourceTitle "CBM 187 Extra"]
[Source "ChessBase"]
[SourceDate "2018.11.04"]
[SourceVersion "1"]
[SourceVersionDate "2018.11.04"]
[SourceQuality "1"]

1. d4 d5 2. c4 e6 3. Bf4 Nf6 4. e3 c5 5. Nf3 Nc6 6. Nc3 Be7 7. Be2 0-0 8. 0-0 dxc4 9. Bxc4 cxd4 10. Nxd4 Nxd4 11. Qxd4 b6 12. Rfd1 Bb7 13. Qe5 Qc8 14. Bd3 Qc6 15. f3 Rfd8 16. Rac1 Rac8 17. Ne2 Qa4 18. Qb5 Qxb5 19. Bxb5 Nd5 20. Rxc8 Rxc8 21. Nc3 Nxf4 22. exf4 Rc7 23. Rd7 Rxd7 24. Bxd7 g6 25. Ne4 Bd5 26. a3 h6 27. Kf2 f5 28. Nc3 Bc5+ 29. Ke2 Bc4+ 30. Kd2 Kf7 31. Bb5 Bxb5 32. Nxb5 a6 33. Nc7 Bd6 34. Nxa6 Bxf4+ 35. Kc3 Bxh2 36. Kc4 Bg1 37. Nc7 g5 38. Kb5 h5 39. Na8 h4 40. Nxb6 g4 41. fxg4 fxg4 42. Nc4 Bd4 43. b4 h3 44. gxh3 gxh3 45. Nd6+ Ke7 46. Ne4 h2 47. Ng3 e5 48. Kc4 Kd6 49. a4 Kc6 50. a5 Bf2 51. b5+ Kb7 52. Nh1 Be1 53. Kd5 Bc3 54. Ke4 Kc7 55. Kd5 Bd4 56. Ng3 Bf2 57. Nh1 Bd4 58. Ng3 Kb8 59. Nh1 Ka7 60. Ng3 Bf2 61. Nh1 Bd4 62. Ng3 Bc3 63. Nh1 Kb8 64. Ng3 Bxa5 65. b6 Bxb6 66. Nh1 Bd4 67. Ng3 Kc7 68. Ke4 Kd6 69. Kf3 Kd5 70. Kg2 Bg1 71. Nf5 Ke4 72. Nd6+ Kd3 73. Kh1 Bc5 74. Nf5 Bg1 75. Nd6 Bc5 76. Nf5 Ke4 77. Ng3+ Kf3 78. Kxh2 Be3 79. Nf5 Bf2 80. Kh3 e4 81. Kh2 Be1 82. Kg1 Bg3 83. Kf1 Bf2 84. Nd6 e3 85. Ne4 e2# 0-1

[Event "BCF-chT4S 1718 (4NCL)"]
[Site "England"]
[Date "2018.05.05"]
[Round "9.43"]
[White "Penna, Tommaso"]
[Black "Singleton, Michael Peter F"]
[Result "1/2-1/2"]
[WhiteElo "1977"]
[BlackElo "2085"]
[PlyCount "67"]
[EventDate "2017.11.11"]
[EventType "team-swiss"]
[EventRounds "11"]
[EventCountry "ENG"]
[SourceTitle "EXT 2020"]
[Source "ChessBase"]
[SourceDate "2019.10.17"]
[SourceVersion "1"]
[SourceVersionDate "2019.10.17"]
[SourceQuality "1"]
[WhiteTeam "All Anands on Deck"]
[BlackTeam "Surbiton"]
[WhiteTeamCountry "ENG"]
[BlackTeamCountry "ENG"]

1. e4 c5 2. Nf3 Nc6 3. d4 cxd4 4. Nxd4 e5 5. Nb5 d6 6. c4 Be7 7. N1c3 a6 8. Na3 Nf6 9. Be2 0-0 10. 0-0 Be6 11. Be3 Rc8 12. Rc1 Nd7 13. Qd2 Nd4 14. Nd5 Bxd5 15. cxd5 Nc5 16. f3 b5 17. Nc2 Nxc2 18. Rxc2 Nd7 19. Rxc8 Qxc8 20. Rc1 Qd8 21. Rc6 Nb8 22. Bb6 Qe8 23. Rc2 Bd8 24. Be3 Qd7 25. Qb4 h6 26. a4 Bg5 27. Bb6 Rc8 28. Rxc8+ Qxc8 29. Qc3 Qb7 30. Qc7 Be3+ 31. Kf1 Qxb6 32. Qc8+ Kh7 33. Qf5+ Kh8 34. Qc8+ 1/2-1/2

[Event "BCF-chT4S 1718 (4NCL)"]
[Site "England"]
[Date "2017.11.12"]
[Round "2.42"]
[White "Nendick, Philip Hc"]
[Black "Penna, Tommaso"]
[Result "0-1"]
[WhiteElo "1977"]
[BlackElo "1977"]
[PlyCount "56"]
[EventDate "2017.11.11"]
[EventType "team-swiss"]
[EventRounds "11"]
[EventCountry "ENG"]
[SourceTitle "EXT 2020"]
[Source "ChessBase"]
[SourceDate "2019.10.17"]
[SourceVersion "1"]
[SourceVersionDate "2019.10.17"]
[SourceQuality "1"]
[WhiteTeam "Poisoned Pawns II"]
[BlackTeam "All Anands on Deck"]
[WhiteTeamCountry "ENG"]
[BlackTeamCountry "ENG"]

1. d4 d5 2. c4 c6 3. Nf3 Nf6 4. Nc3 dxc4 5. a4 Bf5 6. Ne5 Nbd7 7. Nxc4 Qc7 8. g3 e5 9. dxe5 Nxe5 10. Bf4 Nfd7 11. Bg2 f6 12. a5 Nc5 13. Nxe5 fxe5 14. Bd2 Rd8 15. b4 Rxd2 16. Kxd2 Ne6 17. Qa4 Nd4 18. Rhc1 Qf7 19. Nd5 Be6 20. b5 Bxd5 21. Bxd5 Qxd5 22. bxc6 Nxc6+ 23. Kc2 Bb4 24. Kb2 Qd4+ 25. Ka2 0-0 26. Qb3+ Kh8 27. f3 Nxa5 28. Qb2 Qd5+ 0-1

[Event "Biella op 8th"]
[Site "Biella"]
[Date "2017.09.22"]
[Round "1"]
[White "Gerola, Fausto"]
[Black "Penna, Tommaso"]
[Result "1-0"]
[WhiteElo "2179"]
[BlackElo "1981"]
[PlyCount "93"]
[EventDate "2017.09.22"]
[EventType "swiss"]
[EventRounds "5"]
[EventCountry "ITA"]
[SourceTitle "CBM 180 Extra"]
[Source "ChessBase"]
[SourceDate "2017.10.06"]
[SourceVersion "1"]
[SourceVersionDate "2017.10.06"]
[SourceQuality "1"]

1. e4 e5 2. d4 exd4 3. c3 Qe7 4. Qe2 d5 5. e5 Nc6 6. Bf4 g5 7. Bg3 Bg7 8. Nf3 Bg4 9. Nbd2 0-0-0 10. h4 h6 11. Rc1 d3 12. Qe3 f6 13. exf6 Qxf6 14. Bxd3 Nge7 15. 0-0 Rhe8 16. hxg5 Qf8 17. Qf4 Qxf4 18. Bxf4 h5 19. Rfe1 Rf8 20. Be3 Bf5 21. Bxf5+ Nxf5 22. Nb3 b6 23. Rcd1 Rfe8 24. Bf4 Rxe1+ 25. Rxe1 Nd6 26. Nfd4 Nxd4 27. Nxd4 Bxd4 28. cxd4 Kd7 29. Bxd6 Kxd6 30. f4 Rf8 31. g3 h4 32. Kg2 hxg3 33. Kxg3 c5 34. dxc5+ bxc5 35. Kg4 Rb8 36. Re2 d4 37. b3 a5 38. g6 a4 39. f5 axb3 40. axb3 d3 41. Rf2 Ke7 42. f6+ Kf8 43. Kg5 Rd8 44. Rh2 Rd5+ 45. Kf4 Kg8 46. f7+ Kg7 47. Rh8 1-0

[Event "GRB-ch Universities"]
[Site "Birmingham"]
[Date "2017.02.25"]
[Round "3.3"]
[White "Penna, Tommaso"]
[Black "Baltov, Nikola"]
[Result "1-0"]
[WhiteElo "1981"]
[BlackElo "1645"]
[PlyCount "67"]
[EventDate "2017.02.25"]
[EventType "team-swiss"]
[EventRounds "5"]
[EventCountry "ENG"]
[SourceTitle "CBM 177 Extra"]
[Source "ChessBase"]
[SourceDate "2017.04.27"]
[SourceVersion "1"]
[SourceVersionDate "2017.04.27"]
[SourceQuality "1"]
[WhiteTeam "London LSE"]
[BlackTeam "Lancaster"]
[WhiteTeamCountry "ENG"]
[BlackTeamCountry "ENG"]

1. e4 e5 2. Nf3 Nf6 3. Nxe5 d6 4. Nf3 Nxe4 5. Nc3 Nxc3 6. dxc3 Be7 7. Bf4 0-0 8. Qd2 a6 9. 0-0-0 Nc6 10. Bd3 Rb8 11. Be4 Be6 12. Kb1 Na5 13. Nd4 b5 14. Qd3 h6 15. Bxh6 Bg5 16. Bh7+ Kh8 17. Nxe6 fxe6 18. Bxg5 Qxg5 19. Be4 Rxf2 20. h4 Qf6 21. g4 d5 22. Bg6 Rf3 23. Qe2 Rf2 24. Qe3 Rf8 25. Bf5 Rxf5 26. gxf5 Qxf5 27. Rde1 Rf6 28. Qg3 c5 29. Re5 Qh7 30. Rhe1 Rg6 31. Qh3 Nc4 32. Rxe6 Nd2+ 33. Kc1 Ne4 34. Re8+ 1-0

[Event "London Weekend op 12"]
[Site "London"]
[Date "2016.12.11"]
[Round "5"]
[White "Penna, Tommaso"]
[Black "Oyama, Akito"]
[Result "0-1"]
[WhiteElo "1978"]
[BlackElo "2191"]
[PlyCount "79"]
[EventDate "2016.12.09"]
[EventType "swiss"]
[EventRounds "5"]
[EventCountry "ENG"]
[SourceTitle "CBM 176 Extra"]
[Source "ChessBase"]
[SourceDate "2017.03.02"]
[SourceVersion "1"]
[SourceVersionDate "2017.03.02"]
[SourceQuality "1"]

1. e4 c5 2. Nf3 Nc6 3. Nc3 g6 4. d4 cxd4 5. Nxd4 Bg7 6. Nb3 Nf6 7. Be2 0-0 8. 0-0 d6 9. Bg5 h6 10. Bh4 a6 11. Kh1 b5 12. a3 Bb7 13. f4 Rc8 14. Bf3 Nd7 15. Re1 Ba8 16. Rb1 Nc5 17. Nxc5 Bxc3 18. bxc3 dxc5 19. Qc1 Kh7 20. e5 Qc7 21. Qe3 Na5 22. Bxa8 Rxa8 23. Qh3 Nc4 24. Bg5 h5 25. Qh4 Ra7 26. Ra1 Kg7 27. f5 f6 28. exf6+ exf6 29. Bf4 g5 30. Bxc7 gxh4 31. Re7+ Rf7 32. Rxf7+ Kxf7 33. Bf4 Re7 34. a4 bxa4 35. g3 a3 36. Kg2 Re2+ 37. Kf3 Rxc2 38. gxh4 a2 39. Ke4 Na5 40. Kd3 0-1

[Event "London Weekend op 12"]
[Site "London"]
[Date "2016.12.11"]
[Round "4"]
[White "Verma, Aditya"]
[Black "Penna, Tommaso"]
[Result "1/2-1/2"]
[WhiteElo "2054"]
[BlackElo "1978"]
[PlyCount "83"]
[EventDate "2016.12.09"]
[EventType "swiss"]
[EventRounds "5"]
[EventCountry "ENG"]
[SourceTitle "CBM 176 Extra"]
[Source "ChessBase"]
[SourceDate "2017.03.02"]
[SourceVersion "1"]
[SourceVersionDate "2017.03.02"]
[SourceQuality "1"]

1. e4 e5 2. Nf3 Nc6 3. Bb5 a6 4. Ba4 Nf6 5. d3 d6 6. h3 b5 7. Bb3 Na5 8. Nbd2 Be7 9. c3 Nxb3 10. axb3 0-0 11. 0-0 Re8 12. Re1 Bb7 13. Nf1 c5 14. Ng3 Qc7 15. Qe2 Nd7 16. Nh2 d5 17. Qf3 Nb6 18. Ng4 Bf8 19. Nf5 Re6 20. h4 c4 21. Bg5 f6 22. Bd2 cxd3 23. exd5 Bxd5 24. Qxd3 Bxb3 25. Qg3 Kh8 26. Nd4 Bd5 27. Nxe6 Bxe6 28. Qf3 Qd7 29. Ne3 Bb3 30. Bc1 a5 31. Qf5 Qf7 32. Qe4 Qd7 33. Qf5 Qxf5 34. Nxf5 a4 35. Ne3 Rd8 36. Re2 Bc5 37. Rd2 Rxd2 38. Bxd2 Bxe3 39. Bxe3 Nc4 40. Rb1 Kg8 41. Bc5 Kf7 42. Ba3 1/2-1/2

[Event "London Weekend op 12"]
[Site "London"]
[Date "2016.12.10"]
[Round "2"]
[White "Christensen, Janus"]
[Black "Penna, Tommaso"]
[Result "1-0"]
[WhiteElo "2183"]
[BlackElo "1978"]
[PlyCount "65"]
[EventDate "2016.12.09"]
[EventType "swiss"]
[EventRounds "5"]
[EventCountry "ENG"]
[SourceTitle "CBM 176 Extra"]
[Source "ChessBase"]
[SourceDate "2017.03.02"]
[SourceVersion "1"]
[SourceVersionDate "2017.03.02"]
[SourceQuality "1"]

1. d4 d5 2. c4 c6 3. Nf3 Nf6 4. Nc3 dxc4 5. a4 Bf5 6. e3 e6 7. Bxc4 Bb4 8. 0-0 Nbd7 9. Qe2 Bg6 10. Bd2 0-0 11. Ne4 Bxd2 12. Nexd2 c5 13. Ra3 cxd4 14. exd4 Nb6 15. Ba2 Rc8 16. a5 Nbd5 17. Ne5 Qe7 18. Nxg6 hxg6 19. Nc4 Rc7 20. Rf3 Qb4 21. Qd3 Rfc8 22. b3 Qe7 23. Bb1 Rd8 24. Qd2 b6 25. Rh3 Nd7 26. Be4 b5 27. Bxd5 exd5 28. Re1 Qf6 29. Rf3 Qc6 30. Qf4 Nf6 31. Ne5 Qe6 32. Nd3 Qc6 33. Rc1 1-0

[Event "London Golders Green op U2200 5th"]
[Site "London"]
[Date "2015.01.18"]
[Round "5"]
[White "Penna, Tommaso"]
[Black "Barasi, Paul Dl"]
[Result "1-0"]
[WhiteElo "1978"]
[BlackElo "1806"]
[PlyCount "81"]
[EventDate "2015.01.17"]
[EventType "swiss"]
[EventRounds "5"]
[EventCountry "ENG"]
[SourceTitle "EXT 2018"]
[Source "ChessBase"]
[SourceDate "2017.10.13"]
[SourceVersion "1"]
[SourceVersionDate "2017.10.13"]
[SourceQuality "1"]

1. d4 d5 2. c4 Nc6 3. cxd5 Qxd5 4. e3 e5 5. Nc3 Bb4 6. Bd2 Bxc3 7. bxc3 Nf6 8. f3 0-0 9. Bd3 exd4 10. cxd4 Nxd4 11. exd4 Qxd4 12. Be2 Re8 13. Rc1 Nd5 14. Bg5 Qe5 15. Qd2 f6 16. Bh4 Bf5 17. g4 Rad8 18. Bg3 Qe7 19. Kf2 Bg6 20. Nh3 Kh8 21. Rhe1 Qa3 22. Bc4 c6 23. Rxe8+ Rxe8 24. Bxd5 cxd5 25. Nf4 Bf7 26. Rc3 Qa5 27. Rd3 Qb6+ 28. Kg2 Qb5 29. Rb3 Qa6 30. Qd4 h6 31. Rb2 Re1 32. Bxe1 Qa3 33. Bb4 Qa4 34. Bc3 Qc6 35. h4 b5 36. g5 b4 37. Rxb4 Qd6 38. Rb7 Bg8 39. Rxa7 hxg5 40. hxg5 Qf8 41. Ng6+ 1-0

[Event "London Golders Green op U2200 5th"]
[Site "London"]
[Date "2015.01.17"]
[Round "2"]
[White "Penna, Tommaso"]
[Black "Eden, Tomer"]
[Result "0-1"]
[WhiteElo "1978"]
[BlackElo "2175"]
[PlyCount "72"]
[EventDate "2015.01.17"]
[EventType "swiss"]
[EventRounds "5"]
[EventCountry "ENG"]
[SourceTitle "EXT 2018"]
[Source "ChessBase"]
[SourceDate "2017.10.13"]
[SourceVersion "1"]
[SourceVersionDate "2017.10.13"]
[SourceQuality "1"]

1. d4 c6 2. c4 d5 3. Nf3 Nf6 4. Nc3 a6 5. c5 Bf5 6. Bf4 h6 7. h3 e6 8. e3 Nbd7 9. Be2 Be7 10. 0-0 0-0 11. b4 Re8 12. Rc1 Ne4 13. Qb3 Bf6 14. Nxe4 Bxe4 15. Ne5 Nxe5 16. dxe5 Be7 17. Rfd1 Qb8 18. Rd2 Bd8 19. Qc3 Bc7 20. a4 Rf8 21. Bg3 f6 22. f3 Bg6 23. f4 fxe5 24. fxe5 Rf5 25. Bg4 Bxe5 26. Bxe5 Rxe5 27. Rf1 Qc7 28. Rdf2 Re4 29. Rf4 Qe5 30. Qxe5 Rxe5 31. Kf2 Rf8 32. Ke2 Rxf4 33. Rxf4 Bh5 34. Kd3 g5 35. Rf6 Bxg4 36. hxg4 Kg7 0-1

[Event "London Golders Green op 4th"]
[Site "London"]
[Date "2014.08.25"]
[Round "6"]
[White "Penna, Tommaso"]
[Black "Villiers, Thomas"]
[Result "0-1"]
[WhiteElo "1992"]
[BlackElo "2068"]
[PlyCount "110"]
[EventDate "2014.08.23"]
[EventType "swiss"]
[EventRounds "6"]
[EventCountry "ENG"]
[SourceTitle "EXT 2018"]
[Source "ChessBase"]
[SourceDate "2017.10.13"]
[SourceVersion "1"]
[SourceVersionDate "2017.10.13"]
[SourceQuality "1"]

1. d4 d5 2. c4 e6 3. Nc3 Nf6 4. cxd5 exd5 5. Bg5 Be7 6. e3 0-0 7. Bd3 Be6 8. Nge2 Nbd7 9. 0-0 Nb6 10. Qc2 h6 11. Bh4 Qd7 12. Nf4 c6 13. f3 g5 14. Nxe6 fxe6 15. Bg3 Nc8 16. Rad1 Bd6 17. Qf2 Ng4 18. Qe1 Bxg3 19. hxg3 Nf6 20. Bc2 Nd6 21. g4 Qg7 22. b3 Rae8 23. Qg3 Nf7 24. Qc7 Nh8 25. Qxg7+ Kxg7 26. e4 Ng6 27. e5 Nd7 28. b4 a5 29. a3 Ra8 30. Ra1 Ne7 31. Kf2 b6 32. Ba4 b5 33. Bb3 Ra7 34. Ra2 Rfa8 35. Rfa1 Nb6 36. Ke3 Ng6 37. g3 a4 38. Bc2 Nc4+ 39. Ke2 Rf7 40. Bd3 Ngxe5 41. dxe5 Nxe5 42. Rf1 Raf8 43. Rd2 Nxf3 44. Rdd1 Ne5 45. Rxf7+ Rxf7 46. Re1 Nxg4 47. Rf1 Ne5 48. Rxf7+ Kxf7 49. Ke3 Nxd3 50. Kxd3 e5 51. Ne2 h5 52. Ke3 Ke6 53. Kf3 Kd6 54. Ke3 c5 55. bxc5+ Kxc5 0-1

[Event "London Golders Green op 4th"]
[Site "London"]
[Date "2014.08.24"]
[Round "4"]
[White "Walker, Martin Graham"]
[Black "Penna, Tommaso"]
[Result "1/2-1/2"]
[WhiteElo "2190"]
[BlackElo "1992"]
[PlyCount "206"]
[EventDate "2014.08.23"]
[EventType "swiss"]
[EventRounds "6"]
[EventCountry "ENG"]
[SourceTitle "EXT 2018"]
[Source "ChessBase"]
[SourceDate "2017.10.13"]
[SourceVersion "1"]
[SourceVersionDate "2017.10.13"]
[SourceQuality "1"]

1. e4 c5 2. Nf3 e6 3. c3 Nf6 4. e5 Nd5 5. Bc4 d6 6. d4 cxd4 7. cxd4 Nc6 8. Qe2 Be7 9. exd6 Qxd6 10. 0-0 0-0 11. Rd1 Na5 12. Bd3 Nb4 13. Be4 f5 14. Bc2 Nxc2 15. Qxc2 Bd7 16. Nc3 Bc6 17. Ne5 Rfd8 18. Bf4 Qb4 19. Be3 Nc4 20. Nxc6 bxc6 21. Na4 Rab8 22. b3 Nxe3 23. fxe3 Qd6 24. Nc5 Qd5 25. Nd3 Qe4 26. Kf2 f4 27. exf4 Qxd4+ 28. Kf1 e5 29. Qf2 exf4 30. Qxd4 Rxd4 31. Ne5 Bc5 32. Rxd4 Bxd4 33. Nxc6 Bxa1 34. Nxb8 Bc3 35. Nc6 a5 36. h4 Kf7 37. Ke2 Kf6 38. Kd3 Be1 39. Ke4 g5 40. hxg5+ Kxg5 41. Kf3 Bc3 42. Ne7 h5 43. Nd5 Bd2 44. Nb6 Bb4 45. Nc4 Bc3 46. Nd6 Bb4 47. Ne4+ Kf5 48. Nf2 Bc5 49. Nd3 Bd6 50. Nb2 Kg5 51. Nc4 Bc7 52. Nb2 Kf5 53. Nd3 Bd6 54. Nb2 Be5 55. Nc4 Bc7 56. a3 Kg5 57. b4 axb4 58. axb4 Kf5 59. b5 Ke6 60. Ke4 h4 61. Nb2 Kd7 62. Nd3 f3 63. Kxf3 Bd6 64. Ke4 Kc7 65. Kd5 Be7 66. Nf4 Kb6 67. Kc4 Bg5 68. Nd5+ Kb7 69. Kc5 Bd2 70. b6 Be1 71. Kd4 Bf2+ 72. Ke4 Be1 73. Kf3 Kc6 74. Ne7+ Kxb6 75. Nf5 Kc5 76. Kg4 Kd5 77. Nxh4 Ke6 78. Ng6 Kf6 79. Nf4 Ba5 80. Kf3 Kg5 81. g4 Bd2 82. Ne6+ Kf6 83. Nc5 Bg5 84. Ke4 Bc1 85. Nd3 Bd2 86. Kf3 Kg5 87. Nf2 Kg6 88. Ne4 Bc1 89. Ke2 Bg5 90. Nxg5 Kxg5 91. Kf3 Kg6 92. Ke3 Kg5 93. Kf3 Kg6 94. Ke4 Kg5 95. Kf3 Kg6 96. Kf4 Kf6 97. g5+ Kg6 98. Kg4 Kg7 99. Kf5 Kf7 100. Ke4 Kg6 101. Kf4 Kg7 102. Ke5 Kg6 103. Kf4 Kg7 1/2-1/2

[Event "London Golders Green op 4th"]
[Site "London"]
[Date "2014.08.23"]
[Round "2"]
[White "Millward, David J"]
[Black "Penna, Tommaso"]
[Result "1/2-1/2"]
[WhiteElo "1891"]
[BlackElo "1992"]
[PlyCount "93"]
[EventDate "2014.08.23"]
[EventType "swiss"]
[EventRounds "6"]
[EventCountry "ENG"]
[SourceTitle "EXT 2018"]
[Source "ChessBase"]
[SourceDate "2017.10.13"]
[SourceVersion "1"]
[SourceVersionDate "2017.10.13"]
[SourceQuality "1"]

1. e4 c5 2. Nc3 Nc6 3. f4 g6 4. Nf3 Bg7 5. g3 d6 6. Bg2 e6 7. 0-0 Nge7 8. d3 0-0 9. Be3 b6 10. Qd2 d5 11. Nd1 dxe4 12. dxe4 Ba6 13. Re1 Qxd2 14. Bxd2 Rad8 15. Bc3 Nd4 16. Bxd4 cxd4 17. Nf2 Rc8 18. Rac1 Nc6 19. a3 d3 20. c3 Rfd8 21. Nd2 Na5 22. Rcd1 Rc7 23. Bf1 Bf8 24. Ng4 Kg7 25. Kf2 Bc5+ 26. Ne3 Nc4 27. Ndxc4 Bxc4 28. Rd2 Rcd7 29. Kf3 Bb5 30. Bg2 h5 31. h4 a5 32. Kf2 Bc4 33. Kf1 Bb3 34. Bf3 b5 35. Bd1 Bxd1 36. Nxd1 b4 37. axb4 axb4 38. Nf2 bxc3 39. bxc3 Bb6 40. Red1 Ba5 41. Rxd3 Rxd3 42. Rxd3 Rxd3 43. Nxd3 Bxc3 44. Ke2 Ba5 45. Kf3 Bd8 46. Ne5 Ba5 47. Nc4 1/2-1/2